000 00402nam a2200157Ia 4500
008 210716s2006 xx 000 0 und d
020 _a9788131701782
041 _aeng
082 _a368.3 BLAK
100 _aBlack, Kenneth;Skipper, Harold D.
245 _aLife and health insurance.
250 _a13
260 _aNew Delhi
_bPearson Education
_c2006
300 _a1060
650 _aInsurance(368)
999 _c203272
_d203272